Eficiencia en el uso de la energía eléctrica / (Record no. 218351)
[ view plain ]
| 000 -CABECERA | |
|---|---|
| campo de control de longitud fija | 00987nam a2200289 a 4500 |
| 003 - IDENTIFICADOR DEL NÚMERO DE CONTROL | |
| campo de control | OSt |
| 005 - FECHA Y HORA DE LA ÚLTIMA TRANSACCIÓN | |
| campo de control | 20231017145118.0 |
| 007 - CAMPO FIJO DE DESCRIPCIÓN FÍSICA--INFORMACIÓN GENERAL | |
| campo de control de longitud fija | ta |
| 008 - DATOS DE LONGITUD FIJA--INFORMACIÓN GENERAL | |
| campo de control de longitud fija | 230215s2016 mx ||||| |||| 001 0 spa d |
| 020 ## - NÚMERO INTERNACIONAL ESTÁNDAR DEL LIBRO | |
| Número Internacional Estándar del Libro | 9786077073963 |
| 040 ## - FUENTE DE LA CATALOGACIÓN | |
| Centro/agencia transcriptor | CHAP |
| 082 00 - NÚMERO DE LA CLASIFICACIÓN DECIMAL DEWEY | |
| Número de edición | 22 |
| Número de clasificación | 621.31 |
| Número de documento/Ítem | E27 2016 |
| 245 00 - MENCIÓN DE TÍTULO | |
| Título | Eficiencia en el uso de la energía eléctrica / |
| Mención de responsabilidad, etc. | Por Jordi Autonell...[y otros siete] ; coordinador Josep Balcells Sendra. |
| 264 #1 - PRODUCCIÓN, PUBLICACIÓN, DISTRIBUCIÓN, FABRICACIÓN Y COPYRIGHT | |
| Producción, publicación, distribución, fabricación y copyright | México : |
| Nombre del de productor, editor, distribuidor, fabricante | Alfaomega, |
| Fecha de producción, publicación, distribución, fabricación o copyright | 2016 |
| 300 ## - DESCRIPCIÓN FÍSICA | |
| Extensión | 333 páginas: |
| Otras características físicas | figuras y tablas. |
| 490 1# - MENCIÓN DE SERIE | |
| Mención de serie | Ingeniería eléctrica. |
| 650 #4 - PUNTO DE ACCESO ADICIONAL DE MATERIA--TÉRMINO DE MATERIA | |
| 9 (RLIN) | 95385 |
| Término de materia o nombre geográfico como elemento de entrada | Redes eléctricas |
| 650 #4 - PUNTO DE ACCESO ADICIONAL DE MATERIA--TÉRMINO DE MATERIA | |
| 9 (RLIN) | 186303 |
| Término de materia o nombre geográfico como elemento de entrada | Industria de la energía eléctrica |
| 650 #4 - PUNTO DE ACCESO ADICIONAL DE MATERIA--TÉRMINO DE MATERIA | |
| 9 (RLIN) | 186960 |
| Término de materia o nombre geográfico como elemento de entrada | Ahorro de energía eléctrica |
| 650 #4 - PUNTO DE ACCESO ADICIONAL DE MATERIA--TÉRMINO DE MATERIA | |
| 9 (RLIN) | 135836 |
| Término de materia o nombre geográfico como elemento de entrada | Energía eléctrica |
| Subdivisión general | Normas de calidad |
| 700 1# - PUNTO DE ACCESO ADICIONAL--NOMBRE DE PERSONA | |
| 9 (RLIN) | 187741 |
| Nombre de persona | Autonell, Jordi |
| 700 1# - PUNTO DE ACCESO ADICIONAL--NOMBRE DE PERSONA | |
| 9 (RLIN) | 187740 |
| Nombre de persona | Balcells Sendra, Josep |
| Término indicativo de función/relación | Coordinador |
| 830 #0 - PUNTO DE ACCESO ADICIONAL DE SERIE-TÍTULO UNIFORME | |
| 9 (RLIN) | 187745 |
| Título uniforme | Ingeniería eléctrica. |
| Nombre de parte o sección de la obra | Instalaciones eléctricas. |
| 942 ## - ELEMENTOS DE PUNTO DE ACCESO ADICIONAL (KOHA) | |
| Fuente del sistema de clasificación o colocación | Dewey Decimal Classification |
| 942 ## - ELEMENTOS DE PUNTO DE ACCESO ADICIONAL (KOHA) | |
| Fuente del sistema de clasificación o colocación | Dewey Decimal Classification |
| 942 ## - ELEMENTOS DE PUNTO DE ACCESO ADICIONAL (KOHA) | |
| Tipo de ítem Koha | Libro |
| Estado de retiro | Estado de pérdida | Fuente del sistema de clasificación o colocación | Estado dañado | Restricciones de uso | No para préstamo | Código de colección | Localización permanente | Ubicación/localización actual | Ubicación en estantería | Fecha de adquisición | Total de préstamos | Signatura topográfica completa | Código de barras | Fecha visto por última vez | Fecha del último préstamo | Precio válido a partir de | Tipo de ítem Koha | Número de copia |
|---|---|---|---|---|---|---|---|---|---|---|---|---|---|---|---|---|---|---|
| Dewey Decimal Classification | Préstamo 15 días | General | Biblioteca Central | Biblioteca Central | Planta principal - Colección General | 29/08/2023 | 1 | 621.31 E27 2016 | 33724002577314 | 16/05/2024 | 03/05/2024 | 29/08/2023 | Libro | |||||
| Dewey Decimal Classification | Préstamo 15 días | General | Biblioteca Central | Biblioteca Central | Planta principal - Colección General | 29/08/2023 | 621.31 E27 2016 | 33724002577355 | 29/08/2023 | 29/08/2023 | Libro | c.2 |
